=LDR 00000nam 2200000 4500 =001 INLIS000000000810575 =005 20260609100724 =035 ##$$a 0010-0626000012 =007 ta =008 260609################g##########0#ind## =020 ##$$a 9786237357308 =082 ##$$a 959.8 =084 ##$$a 959.8 G.J b =100 #$$a G.J Resink ( Pengarang ) =245 1#$$a Bukan 350 Tahun Dijajah =250 ##$$a Cet. 5 =260 ##$$a Depok :$b Komunitas Bambu,$c 2025 =300 ##$$a xxxvi,380 hlm : $b ilustrasi ; $c 21 cm. =500 ##$$a Buku ini merupakan hibah dari santri kelas XII Angkatan 3 =700 #$$a Tim Komunitas Bambu ( Penerjemah ) =600 #4$$a Sejarah Indonesia, Sejarah Kolonial, Hukum Internasional